Creation in the Biblical traditions / (Registro nro. 61052)

Detalles MARC
000 -LEADER
campo de control de longitud fija 01791cam a22003494i 4500
003 - IDENTIFICADOR DE NÚMERO DE CONTROL
campo de control PE-LiUPU
005 - FECHA Y HORA DE LA ÚLTIMA TRANSACCIÓN
campo de control 20260218111228.0
008 - DATOS DE LONGITUD FIJA--INFORMACIÓN GENERAL
campo de control de longitud fija 1992s1992 xxu||||r ||| ||eng d
020 ## - NÚMERO INTERNACIONAL ESTÁNDAR DEL LIBRO
Número Internacional Estándar del Libro 091517023X
035 ## - NÚMERO DE CONTROL DEL SISTEMA
Número de control de sistema PE-LiUPU43098
040 ## - FUENTE DE CATALOGACIÓN
Centro catalogador/agencia de origen PE-LiUPU
Lengua de catalogación eng
Centro/agencia transcriptor PE-LiUPU
Normas de descripción rda
082 04 - NÚMERO DE LA CLASIFICACIÓN DECIMAL DEWEY
Número de clasificación 231.7
Cutter C638c
Número de edición 23
100 ## - ENTRADA PRINCIPAL--NOMBRE DE PERSONA
Nombre de persona Clifford, Richard J.,
Término indicativo de función/relación editor.
9 (RLIN) 6391
245 10 - MENCIÓN DEL TÍTULO
Título Creation in the Biblical traditions /
Mención de responsabilidad, etc. editado por Richard J. Clifford y John J. Collins.
264 #1 - PRODUCCIÓN, PUBLICACIÓN, DISTRIBUCIÓN, FABRICACIÓN Y COPYRIGHT
Producción, publicación, distribución, fabricación y copyright Washington, D.C. :
Nombre del de productor, editor, distribuidor, fabricante Catholic Biblical Association of America,
Fecha de producción, publicación, distribución, fabricación o copyright 1992.
300 ## - DESCRIPCIÓN FÍSICA
Extensión 150 páginas ;
Dimensiones 23 cm
336 ## - TIPO DE CONTENIDO
Término de tipo de contenido text
Fuente rdacontent
337 ## - TIPO DE MEDIO
Nombre/término del tipo de medio unmediated
Fuente rdamedia
338 ## - TIPO DE SOPORTE
Nombre/término del tipo de soporte volume
Fuente rdacarrier
490 1# - MENCIÓN DE SERIE
Mención de serie The Catholic Biblical Quarterly.
Designación de volumen o secuencia 24
504 ## - NOTA DE BIBLIOGRAFÍA, ETC.
Nota de bibliografía, etc. Incluye referencias bibliográficas e índices.
505 0# - NOTA DE CONTENIDO CON FORMATO
Nota de contenido con formato Introduction: The theology of creation traditions -- Creation theology in Genesis -- The demarcation of divine and human realms in Genesis 2–11 -- Creation in the Psalms-- When form and content clash: the theology of Job 38:1–40:5 -- The theology of creation in Proverbs 8:22–31 -- Creation and salvation in the Book of Wisdom -- Interpretations of the creation of the world in Philo of Alexandria -- Creation in 4 Ezra: the biblical theme in support of theodicy.
630 24 - PUNTO DE ACCESO ADICIONAL DE MATERIA--TÍTULO UNIFORME
Título uniforme Biblia.
Nombre de parte o sección de la obra Antiguo testamento
Subdivisión general Teología..
9 (RLIN) 5876
650 10 - PUNTO DE ACCESO ADICIONAL DE MATERIA--TÉRMINO DE MATERIA
Término de materia o nombre geográfico como elemento de entrada Creación (Teología)
Subdivisión general Teología bíblica.
9 (RLIN) 1557
650 #0 - PUNTO DE ACCESO ADICIONAL DE MATERIA--TÉRMINO DE MATERIA
Término de materia o nombre geográfico como elemento de entrada Creacionismo
Subdivisión general Aspectos religiosos.
9 (RLIN) 5881
650 #0 - PUNTO DE ACCESO ADICIONAL DE MATERIA--TÉRMINO DE MATERIA
Término de materia o nombre geográfico como elemento de entrada Cosmología Bíblica
9 (RLIN) 231
700 ## - ENTRADA AGREGADA--NOMBRE PERSONAL
Nombre de persona Collins, John J.,
Término indicativo de función/relación editor.
9 (RLIN) 6392
710 ## - ENTRADA AGREGADA--NOMBRE DE ENTIDAD CORPORATIVA
Nombre de entidad corporativa o nombre de jurisdicción como elemento de entrada Catholic Biblical Association of America,
Término indicativo de función/relación editor.
9 (RLIN) 6393
830 #0 - PUNTO DE ACCESO ADICIONAL DE SERIE-TÍTULO UNIFORME
Título uniforme Catholic Biblical Quarterly.
Nombre de parte o sección de la obra Monograph Series ;
Designación de volumen o secuencia 24.
942 ## - ELEMENTOS DE ENTRADA SECUNDARIOS (KOHA)
Fuente del sistema de clasificación o colocación Clasificación Decimal Dewey
Tipo de ítem Koha Libros físicos
980 ## - EQUIVALENCIA O REFERENCIA-CRUZADA-MENCIÓN DE SERIE--NOMBRE DE PERSONA/TÍTULO [LOCAL, CANADÁ]
ID del último usuario que modificó el registro 18226
Nombre del último usuario que modificó el registro Jaime Vilcazán Jefe de Análisis Documental
Existencias
Visto por última vez Número de inventario Total de préstamos Signatura topográfica completa Código de barras Copia número Fecha de reemplazo Facultad Tipo de ítem Koha Nota pública Estado de pérdida Fuente del sistema de clasificación o colocación Restricciones de uso No para préstamo Colección Programa académico Biblioteca de origen Biblioteca actual Ubicación en estantería Fecha de adquisición Fuente de adquisición
2025-12-03 6   231.7 C638c 43078 e1 2015-06-16 Teología Libros físicos inventario-2023-12-13 No Perdido Clasificación Decimal Dewey No restringido Disponible para préstamos Colección General Doctorado en teología Biblioteca CRAI UPeU Lima Biblioteca CRAI UPeU Lima Sala principal 2015-06-16 COMPRA